[Event "Køge Bugt Sommer 2013"]
[Site "Solrod Skole"]
[Date "2013.08.07"]
[Round "1.1"]
[White "Christensen, Verner"]
[Black "Hansen, Erik Levin"]
[Result "1-0"]
[WhiteElo "1758"]
[BlackElo "1650"]
[PlyCount "91"]
[EventDate "2013.??.??"]
[WhiteTeam "Solrød Skakklub"]
[BlackTeam "Haslev Skakklub"]

1. e4 c5 2. d4 cxd4 3. c3 dxc3 4. Nxc3 e6 5. Nf3 Bb4 6. Qb3 Nc6 7. Bd3 Nf6 8.
O-O h6 9. Bd2 O-O 10. a3 Be7 11. h3 d5 12. e5 Nd7 13. Bf4 Nc5 14. Qc2 Nxd3 15.
Qxd3 f5 16. Rfd1 a6 17. b4 Qe8 18. b5 Na5 19. bxa6 bxa6 20. Nxd5 Bd8 21. Rac1
Qf7 22. Nb4 Bb7 23. Qd7 Qxd7 24. Rxd7 Bxf3 25. gxf3 Rf7 26. Rd6 Be7 27. Rxe6
Bxb4 28. axb4 Nb3 29. Rd1 Rb7 30. Rdd6 Rxb4 31. Be3 f4 32. Rb6 a5 33. Bxf4 Rxb6
34. Rxb6 a4 35. e6 Re8 36. Be3 Na5 37. Ra6 Nb7 38. f4 a3 39. f5 g6 40. f6 Rc8
41. Rxa3 Nd8 42. Ra6 g5 43. f7+ Kf8 44. h4 gxh4 45. Bxh6+ Ke7 46. f8=Q# 1-0

[Event "Køge Bugt Sommer 2013"]
[Site "Solrod Skole"]
[Date "2013.08.07"]
[Round "1.2"]
[White "Larsen, Jørgen René"]
[Black "Pawlak, Wojciech Zbigniew"]
[Result "1-0"]
[WhiteElo "1714"]
[BlackElo "1620"]
[PlyCount "47"]
[EventDate "2013.??.??"]
[WhiteTeam "Jernbanens Skakklub"]
[BlackTeam "Næstved Skakklub"]

1. Nf3 Nf6 2. g3 g6 3. Bg2 Bg7 4. d3 d5 5. O-O O-O 6. Nbd2 c6 7. c3 Nbd7 8. e4
e5 9. Re1 Re8 10. Qc2 Nc5 11. Nb3 Qb6 12. Be3 Bf8 13. Nxc5 Bxc5 14. Bxc5 Qxc5
15. exd5 Nxd5 16. d4 Bf5 17. Qxf5 exd4 18. cxd4 Qc4 19. Ne5 Qxd4 20. Qxf7+ Kh8
21. Nxg6+ hxg6 22. Rxe8+ Rxe8 23. Qxe8+ Kg7 24. Qd7+ 1-0

[Event "Køge Bugt Sommer 2013"]
[Site "Solrod Skole"]
[Date "2013.08.07"]
[Round "1.3"]
[White "Nielsen, Steen"]
[Black "Johannsen, Bjørn"]
[Result "0-1"]
[WhiteElo "1594"]
[BlackElo "1687"]
[PlyCount "88"]
[EventDate "2013.??.??"]
[WhiteTeam "Solrød Skakklub"]
[BlackTeam "Haslev Skakklub"]

1. Nf3 d5 2. d4 c6 3. c4 Nf6 4. Nc3 e6 5. e3 Bd6 6. Bd3 Nbd7 7. O-O e5 8. dxe5
Nxe5 9. cxd5 Nxd3 10. Qxd3 Nxd5 11. Nxd5 cxd5 12. Rd1 Be6 13. b3 O-O 14. Bb2
Qe7 15. Qd4 f6 16. Qd3 Rfd8 17. Nd4 Bd7 18. Nf5 Bxf5 19. Qxf5 Qe4 20. Qxe4 dxe4
21. Rac1 b6 22. g4 Bc5 23. Kg2 Kf7 24. Bd4 Ke6 25. Bxc5 Rxd1 26. Rxd1 bxc5 27.
Kg3 g5 28. h4 h6 29. h5 Rc8 30. Kg2 a5 31. Kf1 Ra8 32. Ke1 a4 33. bxa4 Rxa4 34.
Rd2 Ra6 35. Kd1 f5 36. Ke1 fxg4 37. Kf1 g3 38. fxg3 Kf5 39. Rd5+ Kg4 40. Rxc5
Rxa2 41. Rc4 Kf3 42. Kg1 Kxg3 43. Rc1 Re2 44. Rf1 Rxe3 0-1

[Event "Køge Bugt Sommer 2013"]
[Site "Solrod Skole"]
[Date "2013.08.07"]
[Round "1.4"]
[White "Larsen, Paul M"]
[Black "Kristensen, Benny"]
[Result "1-0"]
[WhiteElo "1403"]
[BlackElo "1623"]
[PlyCount "65"]
[EventDate "2013.??.??"]
[WhiteTeam "Haslev Skakklub"]
[BlackTeam "Skovbo Skakklub"]

1. d4 Nf6 2. Nf3 g6 3. e3 d5 4. h3 Bg7 5. Bd3 O-O 6. O-O Nbd7 7. Nbd2 c5 8. c3
cxd4 9. exd4 e6 10. Re1 a6 11. a4 Qc7 12. Ne5 Nxe5 13. dxe5 Nd7 14. f4 Nc5 15.
Bc2 Nd7 16. a5 b5 17. Nf3 Bb7 18. Kh1 Rac8 19. Be3 b4 20. Bd4 Nb8 21. Bb6 Qc4
22. Nd4 Rce8 23. Bd3 Qc8 24. cxb4 Qd7 25. Bc5 Nc6 26. Nxc6 Qxc6 27. Bxf8 Bxf8
28. Rc1 Qd7 29. Qd2 Rc8 30. Rxc8 Bxc8 31. Rc1 Be7 32. Qc3 Bb7 33. Qc7 1-0

[Event "Køge Bugt Sommer 2013"]
[Site "Solrod Skole"]
[Date "2013.08.07"]
[Round "1.5"]
[White "Tolba, Henri"]
[Black "Jensen, Tom B"]
[Result "1-0"]
[WhiteElo "1551"]
[BlackElo "1506"]
[PlyCount "35"]
[EventDate "2013.??.??"]
[WhiteTeam "Frederiksberg Skakforening"]
[BlackTeam "Tåstrup Skakforening"]

1. e4 e5 2. Nf3 Nc6 3. Bb5 a6 4. Bxc6 dxc6 5. O-O Bd6 6. d4 Bg4 7. dxe5 Bxf3 8.
Qxf3 Bxe5 9. Rd1 Qf6 10. Qb3 b6 11. Qh3 Rd8 12. Rxd8+ Kxd8 13. Qd3+ Ke7 14. Nd2
Nh6 15. Nf3 Rd8 16. Bg5 Bxb2 17. Bxf6+ Bxf6 18. Qf1 1-0

[Event "Køge Bugt Sommer 2013"]
[Site "Solrod Skole"]
[Date "2013.08.07"]
[Round "1.6"]
[White "Orup, Kim Amdi"]
[Black "Andersen, Hans E"]
[Result "0-1"]
[WhiteElo "1451"]
[BlackElo "1539"]
[PlyCount "26"]
[EventDate "2013.??.??"]
[WhiteTeam "Solrød Skakklub"]
[BlackTeam "Skovbo Skakklub"]

1. e4 e5 2. Bc4 Bc5 3. Nc3 d6 4. h3 Nc6 5. Nf3 a6 6. d3 Na5 7. Bb3 Nxb3 8. axb3
h6 9. Bd2 c6 10. Ne2 Qf6 11. b4 Bb6 12. c3 Ne7 13. Nh2 Qxf2# 0-1

[Event "Køge Bugt Sommer 2013"]
[Site "Solrod Skole"]
[Date "2013.08.07"]
[Round "1.7"]
[White "Alic, Ohran"]
[Black "Jørgensen, Leif"]
[Result "1/2-1/2"]
[WhiteElo "1536"]
[BlackElo "1442"]
[PlyCount "112"]
[EventDate "2013.??.??"]
[WhiteTeam "Enkeltmedlem 1. HK"]
[BlackTeam "Solrød Skakklub"]

1. d4 d5 2. c3 Nf6 3. Nf3 Bf5 4. g3 e6 5. Bg2 Bd6 6. Bg5 h6 7. Bc1 c5 8. O-O
Nc6 9. Nbd2 Qc7 10. dxc5 Bxc5 11. Nb3 Bd6 12. Nfd4 Bg6 13. Nb5 Qd7 14. c4 Ne7
15. Nxd6+ Qxd6 16. cxd5 exd5 17. Bf4 Qb6 18. Be5 Rd8 19. Bd4 Qc7 20. Rc1 Qb8
21. Bxf6 gxf6 22. Qd4 Rd6 23. Rfd1 O-O 24. Qf4 Kg7 25. Rc3 Rfd8 26. h4 b6 27.
Qg4 h5 28. Qf4 Qb7 29. e4 Qd7 30. exd5 Nxd5 31. Bxd5 Rxd5 32. Re1 Rd1 33. Rc1
Rxe1+ 34. Rxe1 Re8 35. Rxe8 Qxe8 36. Qe3 Qd8 37. Qd4 Qe8 38. Qe3 Qe5 39. Qxe5
fxe5 40. Kg2 f5 41. Kf3 Bf7 42. Nc1 Kf6 43. b4 Ke6 44. Ke3 Kd5 45. Kd3 a5 46.
bxa5 bxa5 47. a3 Kc5 48. Kc3 Kb5 49. Nd3 e4 50. Nf4 Kc5 51. Ne2 Be8 52. Nd4 Bd7
53. Ne2 Be8 54. Nf4 Bf7 55. Ne2 Be8 56. Nd4 Bd7 1/2-1/2

[Event "Køge Bugt Sommer 2013"]
[Site "Solrod Skole"]
[Date "2013.08.07"]
[Round "1.8"]
[White "Krag-Jacobsen, Alan"]
[Black "Trærup, Jørgen"]
[Result "1/2-1/2"]
[WhiteElo "1391"]
[BlackElo "1106"]
[PlyCount "73"]
[EventDate "2013.??.??"]
[WhiteTeam "Solrød Skakklub"]
[BlackTeam "Enkeltmedlem 1. HK"]

1. e4 e5 2. Nf3 d6 3. d4 Nc6 4. Bb5 exd4 5. Nxd4 Bd7 6. Nf3 Be7 7. Nc3 Ne5 8.
Bxd7+ Nxd7 9. O-O h6 10. Be3 b6 11. Qd2 Ngf6 12. h3 Ne5 13. Qe2 a6 14. Rad1 Qc8
15. Nd4 Nh7 16. f4 Ng6 17. Nf5 O-O 18. Nd5 Bf6 19. b3 Qd7 20. Qd3 Rfc8 21. Nb4
Qb5 22. Qxb5 axb5 23. Rd5 Bc3 24. Nc6 Re8 25. Bd4 Bxd4+ 26. Ncxd4 Rxa2 27. Rf2
Nf6 28. Rxb5 Rxe4 29. g3 Kh7 30. Nc6 h5 31. Rb4 Rxb4 32. Nxb4 Ra8 33. Re2 Re8
34. Rxe8 Nxe8 35. Nd5 b5 36. Nd4 b4 37. Nc6 1/2-1/2

[Event "Køge Bugt Sommer 2013"]
[Site "Solrod Skole"]
[Date "2013.08.07"]
[Round "1.9"]
[White "Christiansen, Casper"]
[Black "Thinggaard, Jørgen"]
[Result "0-1"]
[WhiteElo "1052"]
[BlackElo "1180"]
[PlyCount "84"]
[EventDate "2013.??.??"]
[WhiteTeam "Greve Skakklub"]
[BlackTeam "Solrød Skakklub"]

1. d4 d5 2. Nf3 Nf6 3. e3 Bg4 4. Be2 e6 5. a3 Ne4 6. Ne5 Bxe2 7. Qxe2 Bd6 8.
Nd3 Qf6 9. f3 Bg3+ 10. hxg3 Nxg3 11. Qf2 Nxh1 12. Qg1 Qh4+ 13. Kd1 Ng3 14. Bd2
O-O 15. Be1 Qg5 16. Ne5 Nf5 17. Bd2 Qd8 18. Nc3 Nd7 19. Ng4 Nf6 20. Ne5 Nd7 21.
Ng4 Nd6 22. b3 c5 23. Qh2 Nf5 24. Qf4 cxd4 25. exd4 h6 26. Ke2 Nf6 27. Ne5 Nh5
28. Qh2 Nf6 29. g4 Nxd4+ 30. Ke3 Nxc2+ 31. Kd3 Nxa1 32. g5 Ne4 33. gxh6 g6 34.
Be3 Nxc3 35. Bd4 Nb5 36. h7+ Kg7 37. Nxf7+ Kxf7 38. Bxa1 d4 39. a4 Nc3 40. Qh6
Qf6 41. Bb2 g5 42. Ba3 Qxh6 0-1

[Event "Køge Bugt Sommer 2013"]
[Site "Solrod Skole"]
[Date "2013.08.07"]
[Round "1.10"]
[White "Wieland, Carsten"]
[Black "Brinch, Bo"]
[Result "1-0"]
[WhiteElo "1175"]
[BlackElo "1000"]
[PlyCount "77"]
[EventDate "2013.??.??"]
[WhiteTeam "Solrød Skakklub"]
[BlackTeam "Greve Skakklub"]

1. d4 d5 2. Nf3 Nc6 3. e3 Nf6 4. c4 Bg4 5. Be2 e6 6. O-O Bb4 7. a3 Be7 8. Qb3
b6 9. Nc3 O-O 10. cxd5 exd5 11. Re1 a6 12. Bd2 Bd6 13. Nxd5 Ne4 14. Qc2 Nxd2
15. Nxd2 Bxe2 16. Qxc6 Bb5 17. Qc2 Rc8 18. Nf3 h6 19. Rad1 Qd7 20. Rc1 a5 21.
e4 Ba4 22. Qb1 Bc6 23. Nc3 Qg4 24. d5 Bd7 25. h3 Qg6 26. e5 Bf5 27. Nh4 Bxb1
28. Nxg6 Bxg6 29. exd6 cxd6 30. Nb5 Rc5 31. Rxc5 bxc5 32. Nxd6 a4 33. Nb7 Rb8
34. Nxc5 Rxb2 35. Rd1 Rb8 36. g4 f6 37. d6 Rd8 38. d7 Bc2 39. Rd2 1-0

[Event "Køge Bugt Sommer 2013"]
[Site "Solrod Skole"]
[Date "2013.08.14"]
[Round "2.1"]
[White "Johannsen, Bjørn"]
[Black "Christensen, Verner"]
[Result "0-1"]
[WhiteElo "1687"]
[BlackElo "1758"]
[PlyCount "58"]
[EventDate "2013.??.??"]
[WhiteTeam "Haslev Skakklub"]
[BlackTeam "Solrød Skakklub"]

1. d4 Nf6 2. Bf4 g6 3. e3 Bg7 4. Nf3 O-O 5. Bd3 d5 6. Nbd2 b6 7. c3 c5 8. Bc2
Ba6 9. Ne5 Qc8 10. h4 Nbd7 11. Ndf3 Nh5 12. dxc5 Nxf4 13. exf4 Nxc5 14. Qxd5 e6
15. Qd2 Rd8 16. Qe3 Qc7 17. Nd4 Bxe5 18. fxe5 Rd5 19. f4 Rad8 20. Be4 R5d7 21.
h5 Nxe4 22. Qxe4 Qc4 23. hxg6 fxg6 24. Kf2 Bb7 25. Qe2 Qd5 26. Qg4 Rf7 27. Rh2
Qxe5 28. Qxe6 Qxf4+ 29. Nf3 Bxf3 0-1

[Event "Køge Bugt Sommer 2013"]
[Site "Solrod Skole"]
[Date "2013.08.14"]
[Round "2.2"]
[White "Hansen, Erik Levin"]
[Black "Larsen, Jørgen René"]
[Result "1-0"]
[WhiteElo "1650"]
[BlackElo "1714"]
[PlyCount "87"]
[EventDate "2013.??.??"]
[WhiteTeam "Haslev Skakklub"]
[BlackTeam "Jernbanens Skakklub"]

1. e4 c6 2. Nf3 d5 3. Nc3 Bg4 4. h3 dxe4 5. Nxe4 Bf5 6. Ng3 Bg6 7. h4 h6 8. Ne5
Bh7 9. Qh5 g6 10. Qf3 Nf6 11. Qb3 Nd5 12. Qxb7 Nb6 13. Nxc6 Qd7 14. Qxd7+ N8xd7
15. d4 e6 16. Bd3 Nf6 17. Bf4 Nbd7 18. Ne4 Nxe4 19. Bxe4 f5 20. Bd3 Bg7 21. Ba6
Kf7 22. Ne5+ Bxe5 23. Bxe5 Nxe5 24. dxe5 Rhd8 25. Rd1 Rxd1+ 26. Kxd1 Rd8+ 27.
Bd3 Ke7 28. Kc1 Bg8 29. f4 Bf7 30. Rd1 g5 31. hxg5 hxg5 32. g3 Rd4 33. Bb5 Rd5
34. Rxd5 exd5 35. Kd2 g4 36. Kd3 Kd8 37. Kd4 Kc7 38. Kc5 Be6 39. a4 Bf7 40. b4
a5 41. c3 Be6 42. Be8 Bg8 43. bxa5 Be6 44. a6 1-0

[Event "Køge Bugt Sommer 2013"]
[Site "Solrod Skole"]
[Date "2013.08.14"]
[Round "2.3"]
[White "Pawlak, Wojciech Zbigniew"]
[Black "Krogh, Peter Ove"]
[Result "0-1"]
[WhiteElo "1620"]
[BlackElo "1715"]
[PlyCount "96"]
[EventDate "2013.??.??"]
[WhiteTeam "Næstved Skakklub"]
[BlackTeam "Køge Skakklub"]

1. d4 Nf6 2. c4 e6 3. Nf3 b6 4. g3 Bb7 5. Bg2 Be7 6. O-O O-O 7. Nc3 Ne4 8. Qc2
f5 9. Nd2 d5 10. cxd5 exd5 11. Ndxe4 fxe4 12. f3 Bf6 13. e3 Ba6 14. Rf2 Bd3 15.
Qb3 Bc4 16. Qd1 exf3 17. Bxf3 c6 18. b3 Ba6 19. Bd2 Nd7 20. Nxd5 cxd5 21. Bxd5+
Kh8 22. Bxa8 Qxa8 23. Qg4 Qe8 24. Rc1 Bc8 25. Bb4 Rf7 26. Qf4 a5 27. Bd6 h6 28.
h4 Kg8 29. Rfc2 Ba6 30. Kh2 Qe6 31. Rf2 g5 32. Qf5 Qxd6 33. Qg6+ Rg7 34. Qe8+
Qf8 35. Qe6+ Qf7 36. Qc6 gxh4 37. Qa8+ Kh7 38. Qe4+ Qg6 39. Qxg6+ Kxg6 40. gxh4
Bxh4 41. Rg2+ Bg5 42. Rc6+ Kf5 43. Rg3 Be2 44. Rc7 Re7 45. a3 Bxe3 46. Rxe3
Rxe3 47. Rxd7 Rxb3 48. Rd6 h5 0-1

[Event "Køge Bugt Sommer 2013"]
[Site "Solrod Skole"]
[Date "2013.08.14"]
[Round "2.4"]
[White "Andersen, Hans E"]
[Black "Forsmann, Henning"]
[Result "0-1"]
[WhiteElo "1539"]
[BlackElo "1637"]
[PlyCount "68"]
[EventDate "2013.??.??"]
[WhiteTeam "Skovbo Skakklub"]
[BlackTeam "Solrød Skakklub"]

1. e4 Nf6 2. Nc3 d6 3. Bc4 g6 4. d3 Bg7 5. Bd2 O-O 6. Nf3 Nc6 7. a3 Bg4 8. h3
Bxf3 9. Qxf3 Nd4 10. Qd1 c5 11. Nd5 e6 12. Nxf6+ Bxf6 13. c3 b5 14. Ba2 Nc6 15.
O-O Rb8 16. Bh6 Re8 17. Qd2 b4 18. axb4 cxb4 19. d4 a5 20. f4 Qb6 21. Kh2 Qb5
22. e5 Be7 23. b3 bxc3 24. Qxc3 Rec8 25. exd6 Bxd6 26. d5 Ne5 27. Qd4 Qe2 28.
Rf2 Qh5 29. dxe6 Ng4+ 30. Kg3 Nxh6 31. Qf6 Rb4 32. Rd1 Bc5 33. Rc2 Qxd1 34. Rc3
Nf5+ 0-1

[Event "Køge Bugt Sommer 2013"]
[Site "Solrod Skole"]
[Date "2013.08.14"]
[Round "2.5"]
[White "Kristensen, Benny"]
[Black "Tolba, Henri"]
[Result "1-0"]
[WhiteElo "1623"]
[BlackElo "1551"]
[PlyCount "35"]
[EventDate "2013.??.??"]
[WhiteTeam "Skovbo Skakklub"]
[BlackTeam "Frederiksberg Skakforening"]

1. d4 c6 2. c4 d5 3. Nf3 Nf6 4. Nc3 e6 5. Bg5 Bb4 6. Qc2 Qa5 7. Bd2 Nbd7 8. e3
O-O 9. Bd3 dxc4 10. Bxc4 Qc7 11. O-O a6 12. Rac1 Bd6 13. e4 Bf4 14. Rfd1 Bxd2
15. Qxd2 Re8 16. e5 Nb6 17. exf6 Nxc4 18. Qg5 1-0

[Event "Køge Bugt Sommer 2013"]
[Site "Solrod Skole"]
[Date "2013.08.14"]
[Round "2.6"]
[White "Jørgensen, Leif"]
[Black "Larsen, Paul M"]
[Result "0-1"]
[WhiteElo "1442"]
[BlackElo "1403"]
[PlyCount "92"]
[EventDate "2013.??.??"]
[WhiteTeam "Solrød Skakklub"]
[BlackTeam "Haslev Skakklub"]

1. d4 Nf6 2. c4 g6 3. Nf3 d6 4. Nc3 Bg7 5. e4 O-O 6. Bd3 Bg4 7. Be3 e5 8. d5
Nbd7 9. h3 Bxf3 10. Qxf3 a5 11. g4 Ne8 12. h4 Nc5 13. Bc2 h6 14. O-O-O Qd7 15.
Rdg1 a4 16. h5 g5 17. Qh3 f6 18. Ne2 b5 19. Bxc5 dxc5 20. cxb5 Nd6 21. Nc3 a3
22. b3 Nxb5 23. Rd1 Nd4 24. Rd2 Rfb8 25. Ne2 Bf8 26. Rg1 c4 27. Nxd4 exd4 28.
bxc4 c5 29. Rd3 Qa7 30. Rgg3 Qa5 31. Qf1 Bd6 32. Rxa3 Bf4+ 33. Rge3 Bxe3+ 34.
Rxe3 Qxa2 35. Qd3 dxe3 36. fxe3 Qa3+ 37. Kd2 Qxd3+ 38. Kxd3 Ra3+ 39. Kd2 Rb2
40. Kc1 Raa2 41. Bb1 Rxb1+ 42. Kxb1 Re2 43. Kc1 Rxe3 44. d6 Rc3+ 45. Kd2 Rxc4
46. Ke3 Rd4 0-1

[Event "Køge Bugt Sommer 2013"]
[Site "Solrod Skole"]
[Date "2013.08.14"]
[Round "2.7"]
[White "Sørensen, Aron Frank"]
[Black "Alic, Ohran"]
[Result "1-0"]
[WhiteElo "1523"]
[BlackElo "1536"]
[PlyCount "51"]
[EventDate "2013.??.??"]
[WhiteTeam "Solrød Skakklub"]
[BlackTeam "Enkeltmedlem 1. HK"]

1. c4 c5 2. g3 g6 3. Bg2 Nc6 4. Nf3 Bg7 5. Nc3 a6 6. O-O Nf6 7. a3 O-O 8. Rb1
e6 9. e4 d5 10. d4 dxe4 11. Ne5 Nxd4 12. Bf4 Nh5 13. Nxe4 Nxf4 14. gxf4 Qe7 15.
b4 Rd8 16. Nxc5 Ra7 17. Re1 Bxe5 18. fxe5 b6 19. Ne4 Bb7 20. Nf6+ Kg7 21. Qg4
Bxg2 22. Qxg2 Qb7 23. Re4 Nf5 24. h4 Rd4 25. Ree1 Nxh4 26. Qg3 1-0

[Event "Køge Bugt Sommer 2013"]
[Site "Solrod Skole"]
[Date "2013.08.14"]
[Round "2.8"]
[White "Thinggaard, Jørgen"]
[Black "Nielsen, Steen"]
[Result "0-1"]
[WhiteElo "1180"]
[BlackElo "1594"]
[PlyCount "54"]
[EventDate "2013.??.??"]
[WhiteTeam "Solrød Skakklub"]
[BlackTeam "Solrød Skakklub"]

1. e4 c5 2. Nf3 d6 3. Bc4 e6 4. d4 cxd4 5. Nxd4 Nf6 6. Nc3 a6 7. O-O Be7 8. Bg5
O-O 9. Nf3 h6 10. Bxh6 gxh6 11. Qd2 Kh7 12. Bd3 e5 13. Nd5 Be6 14. c4 Nbd7 15.
Nh4 Rg8 16. Nf5 Bxf5 17. exf5 Bf8 18. b4 Nxd5 19. cxd5 Nf6 20. Qe3 Rc8 21. f4
Rc3 22. fxe5 dxe5 23. Rac1 Qxd5 24. Rf3 Rxc1+ 25. Qxc1 Qxf3 26. Bf1 Ne4 27. Qc7
Qf2+ 0-1

[Event "Køge Bugt Sommer 2013"]
[Site "Solrod Skole"]
[Date "2013.08.14"]
[Round "2.9"]
[White "Christensen, Peter"]
[Black "Orup, Kim Amdi"]
[Result "0-1"]
[WhiteElo "1631"]
[BlackElo "1451"]
[PlyCount "52"]
[EventDate "2013.??.??"]
[WhiteTeam "Køge Skakklub"]
[BlackTeam "Solrød Skakklub"]

1. d4 f5 2. Nf3 d6 3. g3 e6 4. Bg2 Be7 5. c3 g5 6. e3 Bd7 7. Nxg5 Bxg5 8. Bxb7
Bc6 9. Bxa8 Bxa8 10. Qh5+ Kf8 11. O-O h6 12. Qe2 Qd7 13. Nd2 Qc6 14. f3 Ne7 15.
Qc4 Bxe3+ 16. Kg2 Qxc4 17. Nxc4 Bg5 18. a3 Nd7 19. b4 Rg8 20. Kf2 h5 21. h4 Bf6
22. Nb2 Nd5 23. c4 Bxd4+ 24. Ke2 Ne7 25. g4 hxg4 26. fxg4 Rxg4 0-1

[Event "Køge Bugt Sommer 2013"]
[Site "Solrod Skole"]
[Date "2013.08.14"]
[Round "2.10"]
[White "Brinch, Bo"]
[Black "Krag-Jacobsen, Alan"]
[Result "1/2-1/2"]
[WhiteElo "1000"]
[BlackElo "1391"]
[PlyCount "49"]
[EventDate "2013.??.??"]
[WhiteTeam "Greve Skakklub"]
[BlackTeam "Solrød Skakklub"]

1. e4 e5 2. Nf3 Nc6 3. Bc4 Nf6 4. Ng5 d5 5. exd5 Nd4 6. Nc3 Be7 7. d6 Qxd6 8.
Nxf7 Qc6 9. O-O Qxc4 10. Nxh8 Be6 11. d3 Qc6 12. Ne4 Nxe4 13. dxe4 O-O-O 14. c3
Nb5 15. Qh5 Rxh8 16. Qxe5 Bf6 17. Qf4 Nd6 18. e5 Be7 19. exd6 Bxd6 20. Qg5 g6
21. Bf4 Bc5 22. Be3 Bd6 23. Bf4 Bc5 24. Be3 Bd6 25. Bf4 1/2-1/2

[Event "Køge Bugt Sommer 2013"]
[Site "Solrod Skole"]
[Date "2013.08.14"]
[Round "2.11"]
[White "Trærup, Jørgen"]
[Black "Christiansen, Casper"]
[Result "1-0"]
[WhiteElo "1106"]
[BlackElo "1052"]
[PlyCount "55"]
[EventDate "2013.??.??"]
[WhiteTeam "Enkeltmedlem 1. HK"]
[BlackTeam "Greve Skakklub"]

1. d4 d5 2. c4 e6 3. e3 Nf6 4. Nc3 Bb4 5. Qa4+ Bd7 6. Qxb4 a5 7. Qxb7 Bc6 8.
Qb3 Na6 9. Qd1 dxc4 10. Nf3 Nb4 11. a3 Nbd5 12. Bxc4 Nb6 13. Be2 O-O 14. O-O
Nbd7 15. Ne5 Ra6 16. Bxa6 Ba8 17. Nxd7 Nxd7 18. Be2 Qf6 19. Bf3 c6 20. Ne4 Qg6
21. Bd2 f5 22. Ng3 Rf6 23. Bh5 Qg5 24. Bf3 Qh4 25. e4 f4 26. Nh5 Rh6 27. Bxf4
g5 28. Bg3 1-0

[Event "Køge Bugt Sommer 2013"]
[Site "Solrod Skole"]
[Date "2013.08.21"]
[Round "3.1"]
[White "Christensen, Verner"]
[Black "Wieland, Carsten"]
[Result "1/2-1/2"]
[WhiteElo "1758"]
[BlackElo "1175"]
[PlyCount "61"]
[EventDate "2013.??.??"]
[WhiteTeam "Solrød Skakklub"]
[BlackTeam "Solrød Skakklub"]

1. e4 e6 2. d4 d6 3. Nf3 c5 4. d5 Nf6 5. Nc3 Nbd7 6. Bg5 Be7 7. Qd2 e5 8. O-O-O
O-O 9. Be2 Re8 10. h3 Qa5 11. Nh4 h6 12. Bxh6 Nxe4 13. Nxe4 Qxa2 14. Nc3 Qa1+
15. Nb1 Bxh4 16. g3 Bf6 17. Bg5 e4 18. Bxf6 Nxf6 19. g4 Nxd5 20. Qxd5 Be6 21.
Qg5 Ba2 22. Kd2 Qxb2 23. Nc3 Qb4 24. Ra1 Qd4+ 25. Kc1 Qxc3 26. Rxa2 e3 27. fxe3
Rxe3 28. Rxa7 Rxa7 29. Qd8+ Kh7 30. Qh4+ Kg8 31. Qd8+ 1/2-1/2

[Event "Køge Bugt Sommer 2013"]
[Site "Solrod Skole"]
[Date "2013.08.21"]
[Round "3.2"]
[White "Larsen, Paul M"]
[Black "Trærup, Jørgen"]
[Result "1/2-1/2"]
[WhiteElo "1403"]
[BlackElo "1106"]
[PlyCount "93"]
[EventDate "2013.??.??"]
[WhiteTeam "Haslev Skakklub"]
[BlackTeam "Enkeltmedlem 1. HK"]

1. Nf3 Nf6 2. d4 d6 3. e3 Bg4 4. Be2 h6 5. c4 e6 6. Nc3 c6 7. O-O Nbd7 8. Ne1
Bxe2 9. Qxe2 Be7 10. Nc2 Nb6 11. b3 d5 12. Bb2 Qc7 13. c5 Nbd7 14. f4 b5 15. a4
bxa4 16. Nxa4 Ne4 17. Nc3 Ndf6 18. Nxe4 Nxe4 19. Nb4 O-O 20. Nd3 Rfb8 21. Ra3
Rb5 22. Nf2 Qb7 23. Nxe4 dxe4 24. Qc2 f5 25. Qc4 Qd7 26. Bc3 Qd5 27. Qxd5 exd5
28. Rfa1 Kf7 29. Ba5 Rb7 30. Bb6 Ke6 31. Rxa7 Raxa7 32. Rxa7 Rxa7 33. Bxa7 Kd7
34. Bb8 Kc8 35. Be5 g6 36. Kf2 Kb7 37. Bg7 h5 38. Bh6 Ka6 39. Bg5 Bf8 40. h3
Kb5 41. g4 Kb4 42. Kg3 Kxb3 43. Kh4 Kc3 44. gxh5 gxh5 45. Kg3 Kd3 46. Kf2 Kd2
47. Bd8 1/2-1/2

[Event "Køge Bugt Sommer 2013"]
[Site "Solrod Skole"]
[Date "2013.08.21"]
[Round "3.3"]
[White "Krogh, Peter Ove"]
[Black "Nielsen, Steen"]
[Result "1-0"]
[WhiteElo "1715"]
[BlackElo "1594"]
[PlyCount "67"]
[EventDate "2013.??.??"]
[WhiteTeam "Køge Skakklub"]
[BlackTeam "Solrød Skakklub"]

1. c4 e6 2. e3 d5 3. Nf3 Nf6 4. d4 Be7 5. b3 O-O 6. Bd3 dxc4 7. bxc4 c5 8. O-O
Nc6 9. Nc3 cxd4 10. exd4 b6 11. h3 Bb7 12. Be3 Rc8 13. Rc1 Re8 14. Ng5 Ba3 15.
Rb1 Ne7 16. Qa4 Bd6 17. Qxa7 Qc7 18. Qxb6 Bc6 19. Qxc7 Bxc7 20. Nge4 Nh5 21.
Ne2 f5 22. N4g3 Nxg3 23. fxg3 e5 24. d5 Bd7 25. Bc2 f4 26. gxf4 exf4 27. Nxf4
Bxf4 28. Bxf4 Nxd5 29. Bb3 Nc3 30. Rb2 Be6 31. Re1 Kh8 32. Re3 Bxc4 33. Rxc3
Re1+ 34. Kh2 1-0

[Event "Køge Bugt Sommer 2013"]
[Site "Solrod Skole"]
[Date "2013.08.21"]
[Round "3.4"]
[White "Larsen, Jørgen René"]
[Black "Sørensen, Aron Frank"]
[Result "0-1"]
[WhiteElo "1714"]
[BlackElo "1523"]
[PlyCount "52"]
[EventDate "2013.??.??"]
[WhiteTeam "Jernbanens Skakklub"]
[BlackTeam "Solrød Skakklub"]

1. Nf3 g6 2. g3 Bg7 3. Bg2 c5 4. d3 Nc6 5. O-O Nf6 6. c3 O-O 7. Nbd2 d6 8. e4
e5 9. Rb1 Be6 10. Qc2 Rc8 11. Qa4 Qa5 12. Qxa5 Nxa5 13. Ng5 Bd7 14. Bh3 b5 15.
b3 Rc7 16. Ba3 Bh6 17. Ngf3 Bxh3 18. Rfe1 Nb7 19. c4 a6 20. Nf1 Bg4 21. N3d2
Nd8 22. Kg2 Nc6 23. f3 Be6 24. Bb2 Nb4 25. a3 Nxd3 26. Ba1 Nxe1+ 0-1

[Event "Køge Bugt Sommer 2013"]
[Site "Solrod Skole"]
[Date "2013.08.21"]
[Round "3.5"]
[White "Tolba, Henri"]
[Black "Johannsen, Bjørn"]
[Result "1/2-1/2"]
[WhiteElo "1551"]
[BlackElo "1687"]
[PlyCount "52"]
[EventDate "2013.??.??"]
[WhiteTeam "Frederiksberg Skakforening"]
[BlackTeam "Haslev Skakklub"]

1. e4 b6 2. d4 e6 3. Nf3 Bb7 4. Bd3 c5 5. c3 a6 6. a4 d5 7. e5 Nc6 8. Nbd2 h6
9. Nf1 cxd4 10. cxd4 Nb4 11. Ne3 Ne7 12. O-O Nxd3 13. Qxd3 Ng6 14. g3 Bb4 15.
Bd2 Bxd2 16. Nxd2 O-O 17. b4 f5 18. f4 a5 19. b5 Rc8 20. Rfc1 Rf7 21. Qa3 Rfc7
22. Rxc7 Qxc7 23. Ra2 Kf7 24. Rc2 Qd7 25. Qc1 Rxc2 26. Qxc2 Qc8 1/2-1/2

[Event "Køge Bugt Sommer 2013"]
[Site "Solrod Skole"]
[Date "2013.08.21"]
[Round "3.6"]
[White "Orup, Kim Amdi"]
[Black "Hansen, Erik Levin"]
[Result "0-1"]
[WhiteElo "1451"]
[BlackElo "1650"]
[PlyCount "70"]
[EventDate "2013.??.??"]
[WhiteTeam "Solrød Skakklub"]
[BlackTeam "Haslev Skakklub"]

1. e4 c5 2. f4 d6 3. Nf3 Nc6 4. Bb5 Bd7 5. Bxc6 Bxc6 6. d3 Nf6 7. Nc3 e6 8. O-O
Be7 9. h3 Qb6 10. b3 h5 11. Be3 Qa5 12. Qd2 Nd7 13. Ne2 Qxd2 14. Nxd2 Bf6 15.
Rab1 d5 16. e5 Be7 17. Kf2 d4 18. Bxd4 cxd4 19. Nxd4 Bc5 20. N2f3 Bxf3 21. Kxf3
Bxd4 22. c4 Nc5 23. Rbd1 a5 24. Ke2 Ke7 25. Rf3 h4 26. Rdf1 Rh5 27. Kd2 f5 28.
Ke2 Rah8 29. Rd1 Ra8 30. Rh1 Bc3 31. Rc1 Bb4 32. Rd1 a4 33. d4 axb3 34. axb3
Ra2+ 35. Kf1 Ne4 0-1

[Event "Køge Bugt Sommer 2013"]
[Site "Solrod Skole"]
[Date "2013.08.21"]
[Round "3.7"]
[White "Forsmann, Henning"]
[Black "Christensen, Peter"]
[Result "1-0"]
[WhiteElo "1637"]
[BlackElo "1631"]
[PlyCount "55"]
[EventDate "2013.??.??"]
[WhiteTeam "Solrød Skakklub"]
[BlackTeam "Køge Skakklub"]

1. e4 c5 2. f4 d6 3. Bb5+ Bd7 4. Bxd7+ Qxd7 5. Nf3 Nc6 6. c3 Nf6 7. Qe2 e5 8.
d3 Be7 9. f5 g6 10. fxg6 fxg6 11. O-O O-O 12. Na3 Nh5 13. Bh6 Rf7 14. Qe3 Qg4
15. h3 Qd7 16. Kh2 Bf8 17. Nc2 Bxh6 18. Qxh6 Raf8 19. Ne3 Nf4 20. Rad1 Nxh3 21.
Qxh3 Nd8 22. Qg3 Ne6 23. Nd5 Qd8 24. Rh1 Qa5 25. a3 Qa4 26. Qh3 Qc2 27. Qxe6
Kh8 28. Kg3 1-0